000 00586nam a2200193 a 4500
001 000016719
005 20200929164942.0
008 100310s1994 dr 000 0 spa d
040 _aDO-SdBNP
_bspa
_cBNPHU
082 _axxx
_bG897d
100 1 _aGuadamuz Sandoval, Lorenzo
_917392
245 1 0 _aDesarrollo humano y administrativo /
_cLorenzo Guadamuz Sandoval.
260 _aSanto Domingo :
_bEditora de Colores,
_c1994.
300 _a70 p. ;
_c25 cm.
490 1 _aConferencia
_v2
504 _aIncluye bibliografías [p. 62-70]
830 0 _aConferencia
_n2
_937087
049 _aBNPD
999 _c16251
_d16251